Sports Quiz

Random Sports Quiz

Who Am I Sports and Misc Quiz Stats

 Plays Quiz not verified by Sporcle

Challenge
Share
Tweet
Embed
Score 0/33 Timer 08:00
0 Plays Today
Hint Person % Correct
I played college football at NC State and was traded on draft day from the GiantsPhillip Rivers
76.7%
In my last game of my career I was left on deck behind Brady Anderson as the game endedCal Ripken
74.8%
I am the father of the 2 most famous quarterbacks brothersArchie Manning
73%
I was the goat and the hero on the 1993 Blue Jays in the last game of World Series Joe Carter
68.7%
I started my career in Seattle, then went to Texas and signed the biggest contract in sports historyAlex Rodriguez
66.3%
I coached Michael Jordan and Scottie PippenPhil Jackson
63.8%
My nickname was 'The Big Hurt'Frank Thomas
63.2%
I am the only team in the AL East to never win the World SeriesTampa Bay
60.7%
I'm a Maryland Alum who got in an altercation with Mike Singletary on the sidelineVernon Davis
60.1%
I won the national championship as head coach for Michigan State in 2001Tom Izzo
58.9%
What team did the Blue Jays play in the 1993 World Series?Philadelphia Phillies
57.1%
I hit the walk-off single to beat the Yankees in the 2001 World SeriesLuis Gonzalez
55.8%
I am the only player to retire 3 times, but start on my team whenever I come out of retirementBrett Favre
55.2%
I was a Stanford running back who was drafted and now play behind Adrian PetersonToby Gerhart
47.2%
I spit in the face of an umpire as an Oriole, and was suspended for multiple gamesRoberto Alomar
41.7%
I am the name of the Philadelphia Phillies stadiumCitizen's Bank Ballpark
40.5%
An earthquake happened to this baseball team in the middle of a game the temporarily stopped play in the early 90'sOakland Athletics
38.7%
Hint Person % Correct
While I was playing 2nd base for the Yankees, I argued a call to the first base umpire while the runner went around the bases and scoredchuck knoblauch
38.7%
This is my number19
37.4%
I was the winning quarterback of 'The Greatest Game Ever Played'John Unitas
35%
What number was Eddie Murray33
33.7%
I was the goalie who although was injured in the 2010 World Cup against England, played the next few gamesTim Howard
31.9%
I was the owner of a Super Bowl winning team in 2000...Cleveland hates meArt Modell
31.3%
I lost to Tiger Woods in a 19 hole playoff the day before he announced a knee injury that would sideline him for 9 monthsRocco Mediate
30.7%
I was the American who played the longest match in tennis historyJohn Isner
27.6%
I won the Heisman, but wasn't drafted until the 5th round and was the starter until I got sick and lost my spotTroy Smith
25.8%
I scored a 95% on my protective instincts, and now play in the NFLMichael Oher
25.2%
I helped push my runningback across the goal line to beat Notre Dame with 3 seconds left in the gameMatt Lienart
19.6%
I am the non-American in the longest tennis match everNicholas Mahut
16%
In 1996, a fan robbed me from catching a deeeeep fly ball at Yankee StadiumTony Tarasco
14.1%
I won the National Championship in college, got picked up by the Wizards, ended up being suspended from European basketball for steroid useJuan Dixon
12.3%
I hit 2 grand slams in 1 game for the OriolesChris Hoiles
5.5%
I am the name of the lacrosse team that moved from Baltimore to ChesapeakeBayhawks
5.5%

You're not logged in!

Compare scores with friends on all Sporcle quizzes.
Join for Free
OR
Log In

You Might Also Like...

Show Comments

Extras

Created Oct 25, 2010ReportFavoriteNominate

Top Quizzes Today


Score Distribution

Your Account Isn't Verified!

In order to create a playlist on Sporcle, you need to verify the email address you used during registration. Go to your Sporcle Settings to finish the process.

Report this User

Report this user for behavior that violates our Community Guidelines.

Details: